| 000 | 00536nam a2200157 i 4500 | ||
|---|---|---|---|
| 001 | 120590 | ||
| 003 | ES-MaACL | ||
| 005 | 20230906191601.0 | ||
| 007 | t| | ||
| 008 | 070214s1910 it r ||||1| ita d | ||
| 100 | 1 |
_aPizzagalli, Angelo Maria. _992459 |
|
| 245 | 1 | 3 |
_aLa cosmogonia di Brghu [MBh XII 182 - 189 / B. 6764 - 6950 (C)] _b: saggio sulle relazioni del mito cosmogonico coll'epica nell'India / _cAngelo Maria Pizzagalli. |
| 260 |
_aMilano : _bUlrico Hoepli, _c1910. |
||
| 300 |
_a1 v. ; _c. |
||
| 852 |
_aES-MaACL _jT-1260-F-8 |
||
| 999 |
_c120590 _d120590 |
||